书目信息 |
| 题名: |
九华山植物
|
|
| 作者: | 徐庆 , 邵建章 编著 | |
| 分册: | ||
| 出版信息: | 北京 中国林业出版社 2016.01 |
|
| 页数: | 396页 | |
| 开本: | 26cm | |
| 丛书名: | ||
| 单 册: | ||
| 中图分类: | Q948.525.43 | |
| 科图分类: | ||
| 主题词: | 植物生态学 , 植物地理学 | |
| 电子资源: | ||
| ISBN: | 978-7-5038-8330-9 | |
| 000 | 00684nam0 2200229 450 | |
| 001 | 1137 | |
| 005 | 20161008080736.37 | |
| 010 | @a978-7-5038-8330-9@b平装@dCNY120.00 | |
| 100 | @a20160830d2016 km y0chiy0120 ea | |
| 101 | 0 | @achi |
| 102 | @aCN@b110000 | |
| 200 | 1 | @a九华山植物@Ajiu hua shan zhi wu@f徐庆,邵建章编著@Fxu qing,shao jian zhang bian zhu |
| 210 | @a北京@c中国林业出版社@d2016.01 | |
| 215 | @a396页@d26cm | |
| 330 | @a九华山-植物图集 | |
| 606 | 0 | @a植物生态学 |
| 606 | 0 | @a植物地理学 |
| 690 | @aQ948.525.43@v4 | |
| 701 | 0 | @a徐庆@Axu qing@4编著 |
| 701 | 0 | @a邵建章@Ashao jian zhang@4编著 |
| 801 | 0 | @aCN@b唐山师范学院图书馆@c20160830 |
| 905 | @aZUCC@dQ948.525.43@e309 | |
| 九华山植物/徐庆,邵建章编著.-北京:中国林业出版社,2016.01 |
| 396页;26cm |
| ISBN 978-7-5038-8330-9(平装):CNY120.00 |
| 九华山-植物图集 |
| ● |
| 相关链接 |
|
|
|
|
正题名:九华山植物
索取号:Q948.525.43/309
 
预约/预借
| 序号 | 登录号 | 条形码 | 馆藏地/架位号 | 状态 | 备注 |
| 1 | 907068 | 209070681 | 第二样本阅览室/ [索取号:Q948.525.43/309] | 在馆 | |
| 2 | 907069 | 209070690 | 第三借阅区/ [索取号:Q948.525.43/309] | 在馆 | |
| 3 | 907070 | 209070707 | 第三借阅区/ [索取号:Q948.525.43/309] | 在馆 |